Slipknot songs by letter - Statistics

General Stats
  • This quiz has been taken 404 times
  • The average score is 10 of 19
Answer Stats
Hint Answer % Correct
S Sarcastrophe Scissors sic Skeptic Snuff Solway Firth Spiders Spit It Out Sulfur Surfacing
84%
D Dead Memories Death Because Of Death Disasterpiece Duality
81%
P People = ShitProsthetics Psychosocial Pulse Of The Maggots Purity
78%
C Circle Custer
72%
E Eeyore Everything Ends Execute Eyeless
72%
B Be Prepared For Hell Before I Forget Butcher's Hook
64%
T The Chapeltown Rag The Devil In I The Dying Song (Time to Sing) The Heretic Anthem The Nameless The Negative One The One That Kills The Least This Cold Black Three Nil
58%
V Vendetta Vermilion Vermilion Pt. 2
53%
A All Hope is Gone All Out Life AOV
49%
I If Rain Is What You Want Insert Coin Iowa
48%
W Wait and Bleed Wherein Lies Continue
48%
G Gehenna Gematria (The Killing Name) Goodbye
47%
K Killpop
45%
N Nero Forte Nomadic Not Long For This World
44%
U Unsainted
42%
X XIX
42%
L Lech Left Behind
40%
O Only One
20%
M Metabolic
19%
No matching quizzes found
Score Distribution
Percent of People with Each Score
Percentile by Number Answered
Your Score History
You have not taken this quiz